000 00466 a2200169 4500
005 20250423154047.0
020 _a0-07-118053-2
082 _a657 LIB
100 _aLIBBY, R.
245 _aFinancial Accounting.
250 _a3rd Ed.
260 _aNew York,
_bMcGraw-Hill,
_c2001.
300 _axxv,875p.: ill.; picture
_bGlossary & Index
_c28cm
700 _aLIBBY, P. A. & SHORT, D. G.
856 _yAccess Online Book
_fAccounting
_dwww.mhhe.com
942 _2ddc
_cBKS
999 _c1626
_d1626